Méthodes et problèmes de théorie des fonctions /
Guardado en:
| Autor Principal: | |
|---|---|
| Formato: | Libro |
| Idioma: | French |
| Publicado: |
Paris :
Gauthier-Villars,
1950.
|
| Edición: | [2e éd.] |
| Series: | Collection de monographies sur la théorie des fonctions
|
| Etiquetas: |
Agregar Etiqueta
Sin Etiquetas, Sea el primero en etiquetar este registro!
|
| LEADER | 00528nam a22001575a 4500 | ||
|---|---|---|---|
| 001 | MAT.inmabb000627 | ||
| 008 | 031118s1950####fr############001#0#fre#d | ||
| 005 | 20170802150618.0 | ||
| 245 | 1 | 0 | |a Méthodes et problèmes de théorie des fonctions / |c par Émile Borel. |
| 250 | |a [2e éd.] | ||
| 260 | |a Paris : |b Gauthier-Villars, |c 1950. | ||
| 300 | |a xiii, 148 p. | ||
| 440 | 0 | |a Collection de monographies sur la théorie des fonctions | |
| 100 | 1 | |a Borel, Émile, |d 1871-1956. | |
| 084 | |a 30-XX |2 msc2000 | ||
| 859 | |h 30 |i B731m-2 |p A-428 |b BIB. MATEMATICA | ||
